Conventional drying of rubber wood is safest (Record no. 48058)
[ view plain ]
| 000 -LEADER | |
|---|---|
| fixed length control field | 00820nam a2200145Ia 4500 |
| 100 ## - MAIN ENTRY--AUTHOR NAME | |
| Personal name | Hermens M |
| 245 #0 - TITLE STATEMENT | |
| Title | Conventional drying of rubber wood is safest |
| 260 ## - PUBLICATION, DISTRIBUTION, ETC. (IMPRINT) | |
| Name of publisher | Rubber Asia |
| Year of publication | 1994 |
| 300 ## - PHYSICAL DESCRIPTION | |
| Number of Pages | 111-112 |
| 520 ## - SUMMARY, ETC. | |
| Summary, etc | Rubber wood requires chemical treatment and seasoning to retain the natural colour and its inherent strength properties. Here the seasoning is very important with respect to physical, mechanical and machining properties of treated or untreated wood during product manufacturing. The present paper illustrates the procedure and technique of the most popular and safe way to season timber. This system consists of four procedures: preheating, drying, conditioning and cooling. |
| 650 ## - SUBJECT ADDED ENTRY--TOPICAL TERM | |
| Topical Term | Drying method |
| 650 ## - SUBJECT ADDED ENTRY--TOPICAL TERM | |
| Topical Term | Rubberwood |
| 942 ## - ADDED ENTRY ELEMENTS (KOHA) | |
| Koha item type | Bibliography RLWO |
| Withdrawn status | Lost status | Damaged status | Not for loan | Home library | Current library | Date acquired | Serial Enumeration / chronology | Koha item type |
|---|---|---|---|---|---|---|---|---|
| Bibliography | RRII Library | RRII Library | 31/12/2021 | Volume 8, Issue 4 | Bibliography RLWO |